000 02112cam a2200253 a 4500
005 20200506145426.0
008 931105s1926 ck fr 0 spa d
040 _aCO-BoPUJ
_cSandra Yazo (modificó)
_dSandra Yazo (modificó)
082 0 4 _a920.7
_220
092 _aE26N033
100 1 _aMonsalve, J. D.
_d1864-1935
_q(José Dolores)
_969279
245 0 _aMujeres de la independencia
_cpor J. D. Monsalve
260 _aBogotá
_bImprenta Nacional
_c1926
300 _a343 p.
_c25 x 17 cm.
490 0 _aBiblioteca de Historia Nacional
_v38
500 _aDetalles físicos: Encuadernación rígida en cartón forrada en papel con lomo en tela y letras en dorado. Portada en dos tintas con una impresión de la academia de historia. Texto en una columna, algunas ilustraciones entre el texto y notas al pie de página. Papel de regular calidad con amarillamiento.
505 2 _aInforme del concurso de 1922. ; Doña Manuela Sans de Santamaría. ; Doña Mariana Carcelén (Marquesa de Solanda). ; Doña Manuela Sáenz de Thorne. ; Doña María Josefa Ricaurte de Portocarrero. ; Doña Juana Camacho de Caicedo. ; Doña Antonia Vergara y Sanz de Santamaría de Gutiérrez. ; Doña María Dolores Roche de París. ; Doña Martina Torres de Cárdenas. ; Doña Eusebia Torres de Arboleda. ; Doña Juliana Torres. ; Doña María de los Remedios Aguilar. ; Policarpa Salavarrieta. ; Doña Antonia Santos. ; Doña Carmen Rodríguez de Gaitán. ; Señorita Dolores Vargas París. ; Doña María Josefa Sanz de Santamaría de Montoya. ; Doña Susana Sanz de Santa María de Elbers. ; Doña Dionisia Caicedo de Rovira. ; Doña Trinidad Ricaurte de Marroquín. ; Doña Antonia Ricaurte de Osorio. ; Doña Josefa Acevedo y Gómez. ; Señora Juana Rodríguez.
506 _aConsulta en sala
650 2 4 _aMujeres
_xBiografias
_zColombia
_937390
651 4 _aColombia
_xHistoria
_xGuerra de independencia
_y1810-1819
_937391
690 _aBiografías
_97343
856 4 6 _uhttps://bibliotecanacional.gov.co/content/conservacion?idFichero=138252
_zDisponible en línea
942 _cLIBRO
_e1
_2DEWEY
_h920.7
999 _c166804
_d166804